Historia del congreso de tucumán /
Guardado en:
| Autor Principal: | |
|---|---|
| Formato: | Libro |
| Publicado: |
Argentina :
A.n.h.,
1966
|
| Materias: | |
| Etiquetas: |
Agregar Etiqueta
Sin Etiquetas, Sea el primero en etiquetar este registro!
|
| LEADER | 00445nam a22001575a 4500 | ||
|---|---|---|---|
| 001 | CEM.cems002877 | ||
| 005 | 19000101000000.0 | ||
| 008 | 130507s1966##################000#0#####d | ||
| 003 | CEMS | ||
| 082 | 0 | 4 | |a 982.03 |
| 100 | 1 | |a Gianello, Leoncio | |
| 245 | 1 | 0 | |a Historia del congreso de tucumán / |c Leoncio Gianello |
| 260 | |a Argentina : |b A.n.h., |c 1966 | ||
| 300 | |a 576 p. | ||
| 653 | |a Historia | ||
| 859 | |a CEMS |b BIB. CEMS - 11 de abril |h 982.03 |i G348 |p 8113.80 |t Ej.1 | ||
